000 00437nam a2200157Ia 4500
008 230917s9999||||xx |||||||||||||| ||und||
020 _cRS250
040 _e1218
_aMAIN
041 _aEnglish
082 _a595.7 L522M
100 _aLefroy, H Maxwell
245 0 _aManual of entomology: With special reference to economic entomology
260 _aNew Delhi
_bAgricole Reprints Corporation
_c1984
300 _axvi, 541 p.
942 _cBK
999 _c52575
_d52575